000 00560nam a2200229 a 4500
999 _c11789
_d11789
001 11789
003 BD-JhCC
005 20201015083443.0
008 201014r2017 ii a|||| ||a| 000 0 eng d
020 _a9789384625931
035 _a(BD-JhCC)11789
040 _aBD-JhCC
_dBD-JhCC
041 _aeng
082 _a612
_bFAC 2017
245 _a365 Facts About The Human Body /
260 _aIndia :
_bOm Books International;
_c2017.
300 _a229 p. :
_billus.;
_c36 cm.
490 _a365
650 _aHuman body
942 _2ddc
_cBK